[Event "It (open)"]
[Site "masterchessopen.com Bussum (Netherlands)"]
[Date "2009.05.30"]
[Round "3"]
[White "Bodicker Rob (NED)"]
[Black "Giri Anish (NED)"]
[Result "0-1"]
[WhiteElo "2080"]
[BlackElo "2518"]

1.d4 d5 2.Nf3 Nf6 3.c4 c6 4.e3 Bf5 5.cxd5 cxd5 6.Bb5+ Nc6 7.O-O e6 8.Ne5 Rc8
9.Bd2 Bd6 10.Qa4 O-O 11.f4 Ne4 12.Be1 Bxe5 13.fxe5 Qg5 14.Rf4 Nxe5 15.dxe5 Rc1
16.Qb4 b6 17.Kf1 a5 18.Qd4 Rfc8 19.Be2 Rxe1+ 20.Kxe1 Rc1+ 21.Bd1 Qxg2 22.b3
Qg1+ 23.Rf1 Qxh2 24.Nd2 Qg3+ 25.Ke2 Nc3+ {#R} 0-1

[Event "It \"]
[Site "masterchessopen.com Bad Homburg (Germany)"]
[Date "2009.06.11"]
[Round "3"]
[White "Nazarenus Moritz (GER)"]
[Black "Hornung Thomas (GER)"]
[Result "1-0"]
[WhiteElo "2233"]
[BlackElo "1993"]

1.d4 d5 2.c4 c6 3.Nf3 Nf6 4.e3 Bf5 5.Nh4 Bg6 6.Nc3 e6 7.f4 Be7 8.Be2 O-O 9.O-O
dxc4 10.f5 exf5 11.Bxc4 Nbd7 12.Nxf5 Bb4 13.Bd2 Nb6 14.Bb3 Qd7 15.Qf3 Bxf5
16.Qxf5 Qxf5 17.Rxf5 Rad8 18.Raf1 Be7 19.Be1 Nbd5 20.R5f3 c5 21.Bh4 cxd4
22.Nxd5 Nxd5 23.Bxe7 Nxe7 24.Rxf7 Rxf7 25.Rxf7 Nd5 26.Rf5 {#r} 1-0

[Event "It (open)"]
[Site "masterchessopen.com Obninsk (Russia)"]
[Round "1"]
[White "Iljushin Alexei (RUS)"]
[Black "Medvedeva Anna (RUS)"]
[Result "1-0"]
[WhiteElo "2558"]
[BlackElo "1959"]

1.d4 d5 2.c4 c6 3.Nf3 Nf6 4.e3 Bf5 5.Nc3 e6 6.Nh4 Bg6 7.Nxg6 hxg6 8.Bd2 Nbd7
9.cxd5 cxd5 10.Bd3 a6 11.a4 Bd6 12.f4 O-O 13.g4 Ne8 14.g5 f6 15.h4 Kf7 16.Qf3
Rh8 17.h5 gxh5 18.f5 Nc7 19.fxe6+ Nxe6 20.Rxh5 Nb6 21.a5 Nc4 22.g6+ Kg8
23.Rxh8+ {#r} 1-0

[Event "Memorial Izmailov (open)"]
[Site "masterchessopen.com Tomsk (Russia)"]
[Date "2009.07.02"]
[Round "9"]
[White "Iskusnyh Sergei (RUS)"]
[Black "Romanov Evgeny (RUS)"]
[Result "0-1"]
[WhiteElo "2471"]
[BlackElo "2589"]

1.d4 d5 2.c4 c6 3.Nf3 Nf6 4.e3 Bf5 5.Nc3 e6 6.Nh4 Be4 7.f3 Bg6 8.Bd2 Be7 9.Qb3
Qc7 10.Rc1 Nbd7 11.g3 dxc4 12.Bxc4 a6 13.e4 b5 14.Be2 Qa7 15.Be3 e5 16.Qd1 Rd8
17.Qd2 Nb6 18.Nxg6 hxg6 19.d5 Qb8 20.Bxb6 Qxb6 21.Bd1 cxd5 22.exd5 Bc5 23.Qe2
Be3 24.Rb1 Nxd5 25.Ne4 f5 26.Nf2 Nb4 {#R} 0-1

[Event "It (open) (a)"]
[Site "masterchessopen.com Sukhumi (Georgia)"]
[Date "2009.08.11"]
[Round "8"]
[White "Iljushin Alexei (RUS)"]
[Black "Lastin Alexander (RUS)"]
[Result "0-1"]
[WhiteElo "2558"]
[BlackElo "2648"]

1.d4 d5 2.c4 c6 3.Nf3 Nf6 4.e3 Bf5 5.Nc3 e6 6.Nh4 Be4 7.f3 Bg6 8.Qb3 Qc7 9.Bd2
Be7 10.O-O-O a6 11.Nxg6 hxg6 12.h3 dxc4 13.Bxc4 b5 14.Bd3 c5 15.dxc5 Nbd7
16.Qc2 Nxc5 17.Kb1 Rc8 18.Ne4 Nfxe4 19.Bxe4 Qb6 {#R} 0-1

[Event "Ch Europe (juniors) (under 18)"]
[Site "masterchessopen.com Fermo (Italy)"]
[Date "2009.09.01"]
[Round "2"]
[White "Filippas Sebastian (GRE)"]
[Black "To Nhat Minh (HUN)"]
[Result "0-1"]
[WhiteElo "2224"]
[BlackElo "2366"]

1.d4 d5 2.c4 c6 3.Nf3 Nf6 4.e3 Bf5 5.Nc3 e6 6.Nh4 Be4 7.f3 Bg6 8.Qb3 Qb6
9.Nxg6 hxg6 10.Bd2 Bd6 11.f4 Nh5 12.Kf2 Qc7 13.Rc1 Nf6 14.cxd5 exd5 15.Nb5
Ne4+ 16.Ke1 Qb6 17.Nxd6+ Nxd6 18.Qa3 Qd8 19.Ba5 Qf6 20.g3 Qe6 21.Bc7 Nf5
22.Bxb8 Qe4 23.Rg1 Rxh2 {#R} 0-1

[Event "Ch Mediterranean"]
[Site "masterchessopen.com Rijeka (Croatia)"]
[Date "2009.09.12"]
[Round "2"]
[White "Doric Nenad (CRO)"]
[Black "Yilmaz Mustafa (TUR)"]
[Result "0-1"]
[WhiteElo "2344"]
[BlackElo "2432"]

1.d4 d5 2.c4 c6 3.Nf3 Nf6 4.e3 Bf5 5.cxd5 cxd5 6.Qb3 Qc7 7.Bd2 e6 8.Bb5+ Nc6
9.O-O Bd6 10.Bb4 O-O 11.Bxc6 bxc6 12.Rc1 Rab8 13.Bxd6 Qxd6 14.Qa4 Rxb2 15.Nbd2
Ne4 16.Nxe4 Bxe4 17.Ne5 Qe7 18.Qxc6 Qg5 19.g3 Qf5 20.f3 Qh3 {#R} 0-1

[Event "Ch Croatia (team)"]
[Site "masterchessopen.com Sibenik (Croatia)"]
[Date "2009.09.22"]
[Round "2"]
[White "Rukavina Josip (CRO)"]
[Black "Jovanic Ognjen (CRO)"]
[Result "0-1"]
[WhiteElo "2433"]
[BlackElo "2541"]

1.Nf3 d5 2.d4 Nf6 3.c4 c6 4.e3 Bf5 5.Bd3 Bg6 6.cxd5 cxd5 7.Bxg6 hxg6 8.Qb3 Qc7
9.Nc3 e6 10.Bd2 Nc6 11.Rc1 a6 12.Ne5 Bd6 13.f4 Rc8 14.O-O g5 15.Na4 Ne4 16.Be1
gxf4 17.exf4 f6 18.Nd3 b5 19.Qd1 bxa4 {#R} 0-1

[Event "Ch Europe (team)"]
[Site "masterchessopen.com Novi Sad (Serbia)"]
[Date "2009.10.22"]
[Round "1"]
[White "Laznicka Viktor (CZE)"]
[Black "Arngrimsson Dagur (ISL)"]
[Result "0-1"]
[WhiteElo "2617"]
[BlackElo "2396"]

1.d4 d5 2.c4 c6 3.Nf3 Nf6 4.e3 Bf5 5.Nc3 e6 6.Nh4 Be4 7.f3 Bg6 8.Qb3 Qb6
9.Nxg6 hxg6 10.Bd2 Nbd7 11.Bd3 Be7 12.O-O g5 13.g3 Rd8 14.Rf2 Qxb3 15.axb3 a6
16.g4 O-O 17.Bf1 e5 18.h3 exd4 19.exd4 c5 20.Re2 Bd6 21.Nxd5 Nxd5 22.cxd5 cxd4
23.Bxg5 f6 24.Bd2 Rc8 {#R} 0-1

[Event "Ch World (juniors) (under 14) (g)"]
[Site "masterchessopen.com Kemer (Turkey)"]
[Date "2009.11.20"]
[Round "9"]
[White "Jain Radha (ENG)"]
[Black "Pratyusha Bodda (IND)"]
[Result "1-0"]
[WhiteElo "1788"]
[BlackElo "1974"]

1.d4 d5 2.c4 c6 3.Nf3 Nf6 4.e3 Bf5 5.Nc3 e6 6.Nh4 Be4 7.f3 Bg6 8.Bd2 Bd6 9.Be2
Nh5 10.Nxg6 hxg6 11.Qb3 Ng3 12.Rg1 Nxe2 13.Nxe2 Bxh2 14.Qxb7 Bxg1 15.Qxa8 Bh2
16.Qxa7 Qh4+ 17.Kd1 Qf2 18.Bb4 Nd7 19.Qa8+ Bb8 20.Qxc6 Kd8 21.Kd2 Qxg2 22.cxd5
Rh2 23.Qa6 exd5 24.Rc1 {#r} 1-0

[Event "It \"]
[Site "masterchessopen.com Aschach (Austria)"]
[Date "2009.12.29"]
[Round "5"]
[White "Aschenbrenner Robert (AUT)"]
[Black "Krejci Jan (CZE)"]
[Result "1-0"]
[WhiteElo "2224"]
[BlackElo "1719"]

1.d4 d5 2.c4 c6 3.Nf3 Nf6 4.e3 Bf5 5.Nc3 e6 6.Nh4 Bg4 7.Qb3 Qb6 8.h3 Bh5 9.g4
Bg6 10.Nxg6 hxg6 11.g5 Ng8 12.c5 Qc7 13.e4 Ne7 14.Bf4 Qxf4 15.Qxb7 dxe4 16.Ne2
Qf3 17.Rg1 Qd3 18.Qxa8 Qb5 19.Rg3 Qxb2 20.Rc1 Qb4+ 21.Kd1 f6 22.Rb3 Qa4
23.Qxb8+ Kf7 24.Qb4 Qxa2 25.Qa3 {#r} 1-0

[Event "It (open) \"]
[Site "masterchessopen.com Caleta (England)"]
[Date "2010.02.04"]
[Round "10"]
[White "Nikolaidis Konstantinos (GRE)"]
[Black "Hirneise Tobias (GER)"]
[Result "0-1"]
[WhiteElo "2318"]
[BlackElo "2436"]

1.d4 d5 2.c4 c6 3.Nf3 Nf6 4.e3 Bf5 5.Nc3 e6 6.Nh4 Bg6 7.Be2 Nbd7 8.O-O Ne4
9.Nxg6 hxg6 10.cxd5 exd5 11.Nxe4 dxe4 12.d5 Bd6 13.h3 c5 14.Qa4 Qe7 15.Bb5
O-O-O 16.Qxa7 Rxh3 17.Re1 Rh5 18.Rd1 Qh4 19.Kf1 Qg4 {#R} 0-1

[Event "Ch Germany"]
[Site "masterchessopen.com Bad Liebenzell (Germany)"]
[Date "2010.03.06"]
[Round "2"]
[White "Schoene Ralf (GER)"]
[Black "Hirneise Tobias (GER)"]
[Result "0-1"]
[WhiteElo "2319"]
[BlackElo "2436"]

1.d4 d5 2.c4 c6 3.Nf3 Nf6 4.e3 Bf5 5.Nc3 e6 6.Nh4 Be4 7.f3 Bg6 8.Nxg6 hxg6
9.cxd5 cxd5 10.g3 Bd6 11.f4 Nc6 12.Bg2 Rc8 13.O-O O-O 14.Bd2 Na5 15.b3 Bb4
16.Na4 Qe7 17.Rc1 Nc6 18.Nc5 Ba3 19.Rc2 b6 20.Nd3 a5 21.Qb1 Rc7 22.Bf3 Rfc8
23.Bd1 Ne4 24.Nf2 Nxd2 25.Rxd2 Nb4 {#R} 0-1

[Event "Ch Berlin (qual)"]
[Site "masterchessopen.com Berlin (Germany)"]
[Date "2010.04.06"]
[Round "4"]
[White "Niechotz Christopher (GER)"]
[Black "Weigert Axel"]
[Result "1-0"]
[WhiteElo "2070"]
[BlackElo "1916"]

1.d4 d5 2.c4 c6 3.Nf3 Nf6 4.e3 Bf5 5.Qb3 Qc7 6.Nc3 e6 7.Nh4 Bg6 8.Nxg6 hxg6
9.g3 Nbd7 10.Bg2 dxc4 11.Qxc4 Nb6 12.Qb3 O-O-O 13.a4 e5 14.a5 Nbd5 15.O-O Nxc3
16.bxc3 exd4 17.cxd4 Rh5 18.a6 b6 19.Bd2 c5 20.Rfc1 Bd6 21.e4 Ng4 22.h3 Nh6
23.g4 Bh2+ 24.Kf1 Rxd4 25.Be3 Rxh3 {#r} 1-0

[Event "It (open) (juniors) (under 20)"]
[Site "masterchessopen.com Asuncion (Paraguay)"]
[Date "2010.05.14"]
[Round "5"]
[White "Goiriz Y Damian (PAR)"]
[Black "Cuellar Diego (PER)"]
[Result "0-1"]
[WhiteElo "2106"]
[BlackElo "2133"]

1.Nf3 d5 2.c4 c6 3.d4 Nf6 4.e3 Bf5 5.Bd3 Bxd3 6.Qxd3 e6 7.Nbd2 Nbd7 8.b3 Bb4
9.O-O O-O 10.Bb2 Nh5 11.e4 Bxd2 12.Nxd2 Qg5 13.Qe3 Qxe3 14.fxe3 g6 15.Ba3 Rfe8
16.e5 Ng7 17.g4 Rac8 18.Rf2 a5 19.Raf1 Red8 20.e4 dxe4 {#R} 0-1

[Event "Cup Mitropa"]
[Site "masterchessopen.com Chur (Switzerland)"]
[Date "2010.06.03"]
[Round "6"]
[White "Monroy Charles (FRA)"]
[Black "Bindrich Falko (GER)"]
[Result "0-1"]
[WhiteElo "2431"]
[BlackElo "2507"]

1.Nf3 d5 2.d4 Nf6 3.c4 c6 4.e3 Bf5 5.Nc3 e6 6.Nh4 Bg6 7.Be2 Nbd7 8.O-O Ne4
9.Nxg6 hxg6 10.cxd5 exd5 11.Nxe4 dxe4 12.d5 Bd6 13.h3 c5 14.Qa4 Qe7 15.Bb5
O-O-O 16.Bd2 Rxh3 17.gxh3 Qg5+ 18.Kh1 Qh5 19.Kg2 Qf3+ 20.Kg1 Qxh3 {#R} 0-1

[Event "Memorial J.Capablanca (open)"]
[Site "masterchessopen.com Habana (Cuba)"]
[Date "2010.06.19"]
[Round "9"]
[White "Arencibia Walter (CUB)"]
[Black "Diaz Hernandez Heriberto (CUB)"]
[Result "1-0"]
[WhiteElo "2491"]
[BlackElo "2318"]

1.d4 d5 2.c4 c6 3.Nf3 Nf6 4.e3 Bf5 5.Nc3 e6 6.Bd3 Bxd3 7.Qxd3 Bb4 8.Bd2 Nbd7
9.O-O O-O 10.Nxd5 Nxd5 11.cxd5 Bxd2 12.dxe6 Bxe3 13.exf7+ Rxf7 14.fxe3 Qe7
15.e4 Re8 16.Qb3 Kh8 17.Qxb7 Rb8 18.Qxc6 {#r} 1-0

[Event "It (open)"]
[Site "masterchessopen.com Brno (Czech Republic)"]
[Date "2010.07.01"]
[Round "5"]
[White "Paulik Martin"]
[Black "Varga Mariano (ARG)"]
[Result "0-1"]
[WhiteElo "1614"]
[BlackElo "2172"]

1.d4 d5 2.Nf3 Nf6 3.c4 c6 4.e3 Bf5 5.Nc3 e6 6.cxd5 exd5 7.Bd3 Bxd3 8.Qxd3 Bd6
9.O-O O-O 10.Re1 Re8 11.e4 dxe4 12.Nxe4 Nxe4 13.Rxe4 Rxe4 14.Qxe4 Nd7 15.Bg5
Qe8 16.Qc2 Qe6 17.d5 cxd5 18.Re1 Ne5 19.Nxe5 Bxe5 20.Bf4 Rc8 21.Qd1 Bxf4
22.Rf1 Rc1 23.Qb3 Qe1 {#R} 0-1

[Event "Ch Greece (team)"]
[Site "masterchessopen.com Peristeri (Greece)"]
[Date "2010.07.07"]
[Round "3"]
[White "Tepelenis Nikolaos (GRE)"]
[Black "Papadakis Michalis (GRE)"]
[Result "1-0"]
[WhiteElo "2206"]
[BlackElo "2210"]

1.d4 d5 2.c4 c6 3.Nf3 Nf6 4.e3 Bf5 5.cxd5 cxd5 6.Qb3 Qb6 7.Qxb6 axb6 8.Nc3 e6
9.Bb5+ Nfd7 10.Ne5 Bd6 11.Nxd7 Nxd7 12.Bd2 Bb4 13.Ke2 Bxc3 14.Bxc3 Kd8 15.a4
Rc8 16.a5 bxa5 17.Bxa5+ b6 18.Bc3 Nb8 19.Ra7 Rc7 20.Rha1 Bg6 21.Rxc7 Kxc7
22.Ra7+ Kc8 23.Bb4 Rd8 24.Be7 Rg8 25.Bd6 {#r} 1-0

[Event "Tournament (open)"]
[Site "masterchessopen.com Berdsk (Russia)"]
[Date "2010.07.13"]
[Round "6"]
[White "Dolgusheva Izabella (RUS)"]
[Black "Latyev Viktor (RUS)"]
[Result "1-0"]
[WhiteElo "2107"]
[BlackElo "2016"]

1.d4 d5 2.c4 c6 3.Nf3 Nf6 4.e3 Bf5 5.cxd5 cxd5 6.Qb3 Qc8 7.Bd2 e6 8.Bb5+ Nbd7
9.O-O Bd6 10.Rc1 Qd8 11.Bb4 Bxb4 12.Qxb4 Qe7 13.Bxd7+ Nxd7 14.Qxb7 O-O 15.Ne5
{#r} 1-0

[Event "It (open)"]
[Site "masterchessopen.com Bergamo (Italy)"]
[Date "2010.07.16"]
[Round "1"]
[White "Salvador Roland (PHI)"]
[Black "Mattsson Michael (SWE)"]
[Result "1-0"]
[WhiteElo "2511"]
[BlackElo "2101"]

1.d4 Nf6 2.Nf3 d5 3.c4 c6 4.e3 Bf5 5.Nc3 e6 6.Nh4 Bg6 7.Nxg6 hxg6 8.a3 Bd6
9.g3 Nbd7 10.f4 Ne4 11.Nxe4 dxe4 12.Bg2 f5 13.c5 Bc7 14.Qb3 Ba5+ 15.Kf2 Ke7
16.Qxb7 Rb8 17.Qxc6 Rb3 18.Kg1 Qb8 19.Ra2 Rc8 20.Qa6 Bd2 21.Bxd2 Rxb2 22.Qd6+
{#r} 1-0

[Event "It (open) \"]
[Site "masterchessopen.com Madrid (Spain)"]
[Date "2010.07.16"]
[Round "4"]
[White "Gonzalez Perez Arian (CUB)"]
[Black "Avila Jimenez Javier (ESP)"]
[Result "1-0"]
[WhiteElo "2410"]
[BlackElo "2245"]

1.d4 d5 2.c4 c6 3.Nf3 Nf6 4.e3 Bf5 5.Nc3 e6 6.Nh4 Bg4 7.Qb3 Qb6 8.f3 Bh5 9.g4
Bg6 10.Nxg6 hxg6 11.Qxb6 axb6 12.g5 Ng8 13.e4 dxc4 14.Bxc4 Bd6 15.Be3 Ne7
16.O-O-O Rh3 17.d5 exd5 18.exd5 Be5 19.Rhe1 Bxc3 20.bxc3 cxd5 21.Bxd5 Nd7
22.Bf4 f6 23.Be6 {#r} 1-0

[Event "It (open)"]
[Site "masterchessopen.com Oberwart (Austria)"]
[Date "2010.07.17"]
[Round "8"]
[White "Schachinger Mario (AUT)"]
[Black "Wallner Joachim (AUT)"]
[Result "1-0"]
[WhiteElo "2356"]
[BlackElo "2294"]

1.d4 d5 2.c4 c6 3.Nf3 Nf6 4.e3 Bf5 5.Nc3 e6 6.Nh4 Bg6 7.Be2 Nbd7 8.O-O Bd6
9.g3 dxc4 10.Nxg6 hxg6 11.e4 e5 12.d5 cxd5 13.Nxd5 Qc8 14.Nxf6+ Nxf6 15.Qxd6
Qh3 16.Qxe5+ Kf8 17.g4 Nxe4 18.b3 Rh4 19.f3 f6 20.Qc7 Re8 21.fxe4 {#r} 1-0

[Event "It (open)"]
[Site "masterchessopen.com Pardubice (Czech Republic)"]
[Date "2010.07.23"]
[Round "1"]
[White "Tikkanen Hans (SWE)"]
[Black "Antipov Mikhail Al (RUS)"]
[Result "1-0"]
[WhiteElo "2507"]
[BlackElo "2278"]

1.d4 Nf6 2.c4 c6 3.Nf3 d5 4.e3 Bf5 5.Nc3 e6 6.Nh4 Be4 7.f3 Bg6 8.Qb3 Qb6
9.Nxg6 hxg6 10.Bd2 Nbd7 11.g3 Bd6 12.Kf2 Qc7 13.Kg2 Bxg3 14.cxd5 exd5 15.hxg3
Rxh1 16.Kxh1 Qxg3 17.Bg2 Qf2 18.Be1 Qxe3 19.Qxb7 Rb8 20.Qxc6 Rxb2 21.Qc8+ Ke7
22.Qc7 Qh6+ 23.Qh2 Qe3 24.Bg3 Rc2 25.Re1 Rc1 26.Nd1 {#r} 1-0

[Event "It (cat.3)"]
[Site "masterchessopen.com Szombathely (Hungary)"]
[Date "2010.08.03"]
[Round "8"]
[White "Nagy Gabor (HUN)"]
[Black "Lakos Nikoletta (HUN)"]
[Result "0-1"]
[WhiteElo "2372"]
[BlackElo "2287"]

1.Nf3 d5 2.c4 c6 3.d4 Nf6 4.e3 Bf5 5.Nc3 e6 6.Qb3 Qb6 7.c5 Qc7 8.Qa4 Nbd7 9.b4
Ne4 10.Nxe4 Bxe4 11.Nd2 Bg6 12.f4 Be7 13.g3 O-O 14.Bg2 b5 15.Qa5 Qb7 16.Nb3
Nb6 17.Qa3 Nc4 18.Na5 Nxa3 19.Nxb7 Nc2+ 20.Kd2 Nxa1 21.Bb2 Nc2 22.Bc3 Na3 {#R}
0-1

[Event "It (open)"]
[Site "masterchessopen.com Vlissingen (Netherlands)"]
[Date "2010.08.08"]
[Round "3"]
[White "Nijs Nils (BEL)"]
[Black "Oosterom Erik (NED)"]
[Result "1-0"]
[WhiteElo "2241"]
[BlackElo "2108"]

1.d4 d5 2.c4 c6 3.Nf3 Nf6 4.e3 Bf5 5.Nc3 e6 6.Nh4 Bg6 7.Be2 Nbd7 8.O-O Be7
9.g3 O-O 10.Nxg6 hxg6 11.b3 a6 12.Bb2 Rc8 13.Rc1 b5 14.c5 Qc7 15.f4 Ne4
16.Nxe4 dxe4 17.g4 g5 18.f5 Nf6 19.fxe6 fxe6 20.Qc2 Qd7 21.Rf2 Qd5 22.Rcf1 Nd7
23.Bc4 {#r} 1-0

[Event "Ch Germany (seniors)"]
[Site "masterchessopen.com Berlin (Germany)"]
[Date "2010.08.16"]
[Round "1"]
[White "Krueger Erich (GER)"]
[Black "Piastowski Kurt (GER)"]
[Result "1-0"]
[WhiteElo "2209"]
[BlackElo "1998"]

1.d4 d5 2.c4 c6 3.Nf3 Nf6 4.e3 Bf5 5.Nc3 e6 6.Nh4 Bg6 7.Nxg6 hxg6 8.a3 Bd6
9.g3 Nbd7 10.c5 Bc7 11.f4 Nh5 12.Bg2 f5 13.b4 b5 14.cxb6 Nxb6 15.O-O Nf6
16.Na4 Nc4 17.Nc5 Kf7 18.Bf3 Rh3 19.Nd3 Ne4 20.Bxe4 fxe4 21.Ne5+ Bxe5 22.fxe5+
Ke7 23.Qg4 Rh6 24.Ra2 Qg8 25.Raf2 Re8 26.Qg5+ {#r} 1-0

[Event "It (open)"]
[Site "masterchessopen.com Schwarzach (Austria)"]
[Date "2010.08.28"]
[Round "8"]
[White "Smirnov Artem (RUS)"]
[Black "Schloetzer Waldemar (GER)"]
[Result "1-0"]
[WhiteElo "2426"]
[BlackElo "2292"]

1.d4 d5 2.c4 c6 3.Nf3 Nf6 4.e3 Bf5 5.Nc3 e6 6.Nh4 Bg6 7.Nxg6 hxg6 8.g3 Nbd7
9.Bd2 Bd6 10.Qb3 Qb6 11.c5 Qxb3 12.axb3 Be7 13.b4 O-O 14.b5 Rfb8 15.b4 a6
16.bxc6 bxc6 17.Ra4 a5 18.Rxa5 Rxa5 19.bxa5 Bd8 20.a6 Ne4 21.Bd3 Rb3 22.a7 Ra3
23.Nxe4 dxe4 24.Bxe4 Rxa7 25.Bxc6 {#r} 1-0

[Event "It \"]
[Site "masterchessopen.com Borup (Denmark)"]
[Date "2010.09.04"]
[Round "3"]
[White "Tikkanen Hans (SWE)"]
[Black "Pedersen Svend (DEN)"]
[Result "1-0"]
[WhiteElo "2507"]
[BlackElo "2214"]

1.d4 d5 2.c4 c6 3.Nf3 Nf6 4.e3 Bf5 5.Nc3 e6 6.Nh4 Bg6 7.Be2 Nbd7 8.O-O Be7
9.h3 Qc7 10.Nxg6 hxg6 11.Bd2 dxc4 12.Bxc4 e5 13.Qb3 O-O 14.Qc2 Kh7 15.dxe5
Nxe5 16.Bb3 Rad8 17.Rad1 Nd3 18.Nb5 Qb6 19.Nd4 Nc5 20.Bc4 Nce4 21.Bc1 Qc5
22.Bd3 Qxc2 23.Bxc2 Rd7 24.Bxe4 Nxe4 25.Ne6 {#r} 1-0

[Event "Bundesliga B Mitte 2010/11"]
[Site "masterchessopen.com Austria"]
[Date "2010.10.17"]
[Round "2"]
[White "Pesorda Ivan (AUT)"]
[Black "Hartl Daniel (AUT)"]
[Result "0-1"]
[WhiteElo "2273"]
[BlackElo "2233"]

1.d4 d5 2.c4 c6 3.Nf3 Nf6 4.e3 Bf5 5.Nc3 e6 6.Nh4 Bg6 7.Nxg6 hxg6 8.Bd2 Nbd7
9.Rc1 Bd6 10.g3 O-O 11.Qc2 dxc4 12.Bxc4 c5 13.dxc5 Bxc5 14.Ne4 Nxe4 15.Qxe4
Qb6 16.Bc3 Bb4 17.O-O Bxc3 18.Rxc3 Qxb2 19.Qd4 Rfd8 20.Rd1 Nc5 {#R} 0-1

[Event "It (open)"]
[Site "masterchessopen.com Jalgaon (India)"]
[Date "2010.11.30"]
[Round "10"]
[White "Saurabh Kherdekar (IND)"]
[Black "Chincholimath Halsagar"]
[Result "1-0"]
[WhiteElo "2339"]
[BlackElo "2049"]

1.d4 d5 2.c4 c6 3.Nf3 Nf6 4.e3 Bf5 5.Nc3 e6 6.Nh4 Bg6 7.Be2 Nbd7 8.Qb3 Qb6
9.Nxg6 hxg6 10.Bd2 Be7 11.h3 O-O 12.O-O dxc4 13.Bxc4 c5 14.d5 exd5 15.Nxd5
Nxd5 16.Bxd5 Qxb3 17.axb3 Rfb8 18.f4 a6 19.Bc3 Ra7 20.Rfd1 b6 21.Bc6 Nf8 22.g4
a5 23.g5 Rd8 24.Rxd8 Bxd8 25.Rd1 Be7 {#r} 1-0

[Event "It \"]
[Site "masterchessopen.com Las Vegas (USA)"]
[Date "2010.12.26"]
[Round "1"]
[White "Wang Philip Xiao (USA)"]
[Black "Veech John (USA)"]
[Result "1-0"]
[WhiteElo "2317"]
[BlackElo "2035"]

1.d4 d5 2.c4 c6 3.Nf3 Nf6 4.e3 Bf5 5.Nc3 e6 6.Nh4 Bg6 7.Be2 Nbd7 8.O-O Ne4
9.Nxg6 hxg6 10.g3 Bd6 11.Nxe4 dxe4 12.f4 exf3 13.Rxf3 Nf6 14.Rf2 Ne4 15.Rg2
Qg5 16.Bf3 f5 17.Qc2 Rxh2 18.Kxh2 Nxg3 19.Kg1 O-O-O 20.e4 f4 21.Qf2 Qh4 22.Rh2
Qg5 23.Qg2 e5 24.Rh3 Qf6 25.d5 Bc5+ 26.Kh2 {#r} 1-0

[Event "It (open)"]
[Site "masterchessopen.com Berkeley (USA)"]
[Date "2011.01.08"]
[Round "10"]
[White "Ris Robert (NED)"]
[Black "Almeida Saenz Alfonso (MEX)"]
[Result "1-0"]
[WhiteElo "2403"]
[BlackElo "2363"]

1.d4 d5 2.c4 c6 3.Nf3 Nf6 4.e3 Bf5 5.Nc3 e6 6.Nh4 Be4 7.f3 g5 8.fxe4 dxe4
9.Nf3 exf3 10.Qxf3 g4 11.Qf2 c5 12.Be2 Nbd7 13.O-O Qb6 14.Rb1 Be7 15.a3 h5
16.b4 cxb4 17.c5 Qc7 18.axb4 h4 19.e4 g3 20.Qf4 e5 21.Nb5 gxh2+ 22.Kxh2 Qc6
23.dxe5 Nxe4 24.Qxf7+ Kd8 25.Nd4 Qa4 26.Bb5 {#r} 1-0

[Event "It (cat.2)"]
[Site "masterchessopen.com Rio de Janeiro (Brazil)"]
[Date "2011.01.29"]
[Round "2"]
[White "Perdomo Leandro (ARG)"]
[Black "Chauca Jose (PER)"]
[Result "1-0"]
[WhiteElo "2387"]
[BlackElo "2054"]

1.d4 d5 2.c4 c6 3.Nf3 Nf6 4.e3 Bf5 5.cxd5 cxd5 6.Nc3 e6 7.Ne5 Nbd7 8.g4 Nxe5
9.dxe5 Nxg4 10.Qa4+ Ke7 11.Qb4+ {#r} 1-0

[Event "Ch Czech Republic (juniors) (under 20)"]
[Site "masterchessopen.com Kouty nad Desnou (Czech Republic)"]
[Date "2011.03.15"]
[Round "6"]
[White "Krejci Jan (CZE)"]
[Black "Bures Jaroslav (CZE)"]
[Result "1-0"]
[WhiteElo "2451"]
[BlackElo "2373"]

1.d4 Nf6 2.Nf3 d5 3.c4 c6 4.e3 Bf5 5.Nc3 e6 6.Nh4 Bg6 7.Be2 Nbd7 8.O-O Be7
9.g3 O-O 10.Nxg6 hxg6 11.b3 a6 12.Bb2 b5 13.Qc2 Nb6 14.c5 Nbd7 15.b4 a5
16.bxa5 Qxa5 17.a4 b4 18.Nb1 e5 19.Nd2 e4 20.Nb3 Qa7 21.a5 Ne8 22.a6 Nc7
23.Na5 Nb8 24.Qa4 {#r} 1-0

[Event "It \"]
[Site "masterchessopen.com Belgrade (Serbia)"]
[Date "2011.03.29"]
[Round "7"]
[White "Dimitrijevic Srdjan (SRB)"]
[Black "Mancic Cedomir (SRB)"]
[Result "1-0"]
[WhiteElo "2302"]
[BlackElo "2102"]

1.c4 Nf6 2.d4 c6 3.Nf3 d5 4.e3 Bf5 5.Nc3 e6 6.Be2 Ne4 7.Qb3 Qb6 8.c5 Qc7
9.Nxe4 Bxe4 10.O-O Be7 11.Qc3 b6 12.b4 bxc5 13.bxc5 Nd7 14.Nd2 Bg6 15.Nb3 O-O
16.Bd2 e5 17.Qa5 Qxa5 18.Nxa5 Rac8 19.Rac1 f6 20.Rc3 Rc7 {#r} 1-0

[Event "Ch Austria (juniors) (under 16)"]
[Site "masterchessopen.com Vienna (Austria)"]
[Date "2011.04.17"]
[Round "2"]
[White "Huber Martin Christian (AUT)"]
[Black "Guetz Wolfgang (AUT)"]
[Result "1-0"]
[WhiteElo "2133"]
[BlackElo "1784"]

1.d4 d5 2.c4 c6 3.Nf3 Nf6 4.e3 Bf5 5.Nc3 e6 6.Nh4 Bg6 7.Be2 Nbd7 8.g3 Be7
9.O-O O-O 10.Nxg6 hxg6 11.Qb3 Qc7 12.Rd1 a6 13.a4 Rad8 14.Bd2 Qb6 15.Qxb6 Nxb6
16.c5 Nbd7 17.f4 Rfe8 18.b4 Nh7 19.Rdb1 g5 20.b5 axb5 21.axb5 Rb8 22.Ra7 Ndf8
23.bxc6 gxf4 24.gxf4 g5 25.cxb7 gxf4 26.c6 {#r} 1-0

[Event "It (open)"]
[Site "masterchessopen.com Semriach (Austria)"]
[Date "2011.04.27"]
[Round "1"]
[White "Stagl Marco (AUT)"]
[Black "Wolfmajer Wolfgang (AUT)"]
[Result "1-0"]
[WhiteElo "2124"]
[BlackElo "1976"]

1.d4 d5 2.Nf3 c6 3.c4 Nf6 4.e3 Bf5 5.Bd3 Bxd3 6.Qxd3 e6 7.O-O Be7 8.Nc3 O-O
9.e4 dxe4 10.Nxe4 Nbd7 11.Bf4 Nxe4 12.Qxe4 Nf6 13.Qe2 Re8 14.Rfd1 Qa5 15.Ne5
Rad8 16.a3 Qa6 17.Qc2 c5 18.dxc5 Bxc5 19.Nd3 Bd4 20.Bc7 Bxb2 21.Qxb2 {#r} 1-0